| 000 | 01701cam a2200397 a 4500 | ||
|---|---|---|---|
| 001 | 13144553 | ||
| 003 | OSt | ||
| 005 | 20260209120815.0 | ||
| 008 | 030401s2003 moua b 001 0 eng | ||
| 010 | _a 2003267650 | ||
| 020 |
_a0808900145 _qset |
||
| 035 | _a13144553 | ||
| 040 |
_aDLC _cDLC _dOutspan Global University |
||
| 050 | 0 | 0 |
_aRD731 _b.C36 2003 |
| 082 | 0 | 4 |
_a617.5 _221 |
| 100 | _aCampbell, C. Willis | ||
| 245 | 0 | 0 |
_aCampbell's operative orthopaedics / _cedited by S. Terry Canale. |
| 246 | 3 | 0 | _aOperative orthopaedics |
| 250 | _a10th ed. | ||
| 260 |
_aSt. Louis : _bMosby : _cc2003. |
||
| 300 |
_a4 v. (xiii, 4283, 118 p.) : _bill. (some col.) ; _c29 cm. + _e1 CD ROM (4 3/4in.) |
||
| 336 |
_atext _btxt _2rdacontent |
||
| 337 |
_aunmediated _bn _2rdamedia |
||
| 338 |
_avolume _bnc _2rdacarrier |
||
| 504 | _aIncludes bibliographical references and index. | ||
| 538 | _aSystem requirements for accompanying disk: Windows: PC Based Pentium 266MMX ; Windows 98 Release 2 and higher, 98/98SE, ME, 2000, NT 4.0 Service Pack 6 (SP6) or higher ; 32 MB RAM ; 8X CD ROM drive ; video card with 16bit or higher color (24 or 32 bit is best) ; display resolution of 800x600 or greater ; sound card and speakers. Macintosh: Power PC G3 300MHZ, I-MAC, I-Book ; Macintosh OS 8.5 and higher. | ||
| 650 | 0 | _aOrthopedic surgery. | |
| 650 | 1 | 2 | _aOrthopedics. |
| 700 | 1 |
_aCanale, S. T. _q(S. Terry) |
|
| 700 | 1 |
_aDaugherty,Kay _eEditor. |
|
| 700 | 1 |
_aJones, Linda _eEditor. |
|
| 906 |
_a7 _bcbc _corigcop _d2 _encip _f20 _gy-gencatlg |
||
| 942 |
_2lcc _cBK _e10 _n0 |
||
| 999 |
_c3469 _d3469 |
||